000 00987nam0a22002291i 4500
001 rc\4709283
005 20240726051934.0
021 _aRU
_b[63-922]
035 _a(NLR Aleph) 008436588
090 _a9451080
_c9451080
100 _a20130416d1962 |||y0rusy50 ca
101 0 _arus
102 _aRU
105 _ay d |||||
200 1 _aМарксизм и гуманизм
_eКритика соврем. буржуазного псевдогуманизма
_eАвтореферат дис. на соискание учен. степени кандидата филос. наук
_fМоск. ордена Ленина и ордена Трудового Красного Знамени гос. ун-т им. М.В. Ломоносова. Филос. фак.
210 _aМосква
_cИзд-во Моск. ун-та
_d1962
215 _a16 с.
_d21
700 1 _aСухи
_bИ.
_gИржи
801 0 _aRU
_bNLR
_gpsbo
801 1 _aRU
_bELAR
_2rusmarc
852 _aNLR
_j63-6/2244
942 _cBOOK